మాటే వినదుగా పాట - Statistics

General Stats
  • This quiz has been taken 6 times
  • The average score is 47 of 199
Answer Stats
పదాలు % Correct
100%
నీ
100%
వేగం
100%
మాటే
50%
వినదుగా
50%
పెరిగే
50%
మేఘం
50%
వేగమే
0%
తగిలే
0%
మేఘమే
0%
అసలే
0%
ఆగదు
0%
పరుగే
0%
ఒకటే
0%
గమ్యమే
0%
దారులు
0%
వేరులే
0%
ప్రయానమే
0%
పనిలే
0%
అరెరే
0%
పుడుతూ
0%
మెదలే
0%
మలుపు
0%
కుదుపు
0%
నీదే
0%
0%
అద్దమే
0%
చూపెను
0%
బ్రతుకులలో
0%
తీరే
0%
వైపేరే
0%
తుడిచే
0%
కారే
0%
కన్నీరే
0%
దిగదుగా
0%
చిన్న
0%
నవ్వులే
0%
వెదకడమే
0%
బ్రతుకంటే
0%
కొన్ని
0%
అందులోనే
0%
పంచవా
0%
మిగులుంటే
0%
హో
0%
నీడనే
0%
స్నేహమే
0%
మనస్సు
0%
చూపురా
0%
నీడలా
0%
వీడకా
0%
సాయాన్ని
0%
నేర్పురా
0%
కష్టాలెన్ని
0%
రాణి
0%
జాబ్
0%
ఖాళి
0%
కానీ
0%
నడుచునులే
0%
బిండి
0%
దారి
0%
మారిపోని
0%
ఊరే
0%
మర్చిపోని
0%
విడాకులే
0%
శ్రమ
0%
తడి
0%
ఆర్
0%
ఎదపై
0%
ముసిరేను
0%
మనసంతా
0%
తడిసేలా
0%
కురిసే
0%
వానా
0%
ప్రయాణమే
0%
మొదలే
0%
మరుజన్మతో
0%
పరిచయం
0%
అంతలా
0%
పరవశం
0%
రంగు
0%
చినుకులు
0%
గుండెపై
0%
రాలేనా
0%
No matching quizzes found
Score Distribution
Percent of People with Each Score
Percentile by Number Answered
Your Score History
You have not taken this quiz